| 000 | 01192cam a2200277 i 4500 | ||
|---|---|---|---|
| 003 | SA-RiAUC | ||
| 005 | 20250717110031.0 | ||
| 008 | 250716s2000 su g 000r0 ara c | ||
| 020 | _a9960800466 | ||
| 040 |
_aSA-RiAUC _bara _cSA-RiAUC _erda |
||
| 082 | 0 | 4 | _a811.062 |
| 090 |
_a811.062 _bش ر ي |
||
| 100 | 1 |
_aالشريم، سعود بن إبراهيم بن محمد، _d1386 هجري- _eمؤلف. |
|
| 245 | 1 | 0 |
_aوبل السحابة : _bشرح نظم الصبابة في مدح المدينة طابة / _cنظمها وشرحها سعود بن إبراهيم بن محمد الشريم. |
| 250 | _aالطبعة الأولى. | ||
| 264 | 1 |
_aالرياض : _bدار طيبة للنشر والتوزيع، _c[2000]. |
|
| 300 |
_a155 صفحة ؛ _c24 سم |
||
| 336 |
_aنص _btxt _2rdacontent _3كتاب |
||
| 337 |
_aبدون وسيط _bn _2rdamedia |
||
| 338 |
_aمجلد _bnc _2rdacarrier |
||
| 650 | 7 |
_aالشعر العربي _zالسعودية _yقرن 14 هجري _2aucsh |
|
| 651 | 7 |
_aالمدينة المنورة _vشعر _2aucsh |
|
| 740 | 0 | _aنظم الصبابة في مدح المدينة طابة. | |
| 942 |
_2ddc _cBOOK _n0 |
||
| 949 |
_aSA-JeALM _d250716 _umohamedma123 _n1 |
||
| 999 |
_c10035 _d10035 |
||